000 00744cam a2200253 4500
008 090401t1997 xxu||||| |||| 00| 0 eng d
020 _a1860811256
035 _a(Sirsi) u77835
041 _aeng
050 _a690
110 _aBuilding Research Establishment
245 _aSelecting natural building stones.
260 _aWatford
_bConstruction Research Communications Ltd
_c1997
300 _a8p. : ill. ; 30cm.
350 _a0
490 _aBRE Digest
_v420
520 _aReplaces BRE Digest 269.
650 _aBUILT ENVIRONMENT-BUILDING MATERIALS
650 _aBUILDING STONE
650 _aBUILT ENVIRONMENT-BUILDING MATERIALS-STONE
690 _aBUILT ENVIRONMENT-BUILDING MATERIALS
942 _n0
948 _c22/04/1997
999 _c96361
_d96361